000 005360000a22001810004500
003 LK-CoMWRAF
008 230817t1997 ||||| |||| 00| 0 eng d
040 _aLK-CoMWRAF
_dLK-CoMWRAF
_eLK-CoMWRAF
041 _aeng
082 _a305.42
_bLOO
111 _aLOOKING BEYOND BEIJING
_c([Kuala Lumpur],
_d30th July- 1st August 1996)
245 _aLooking beyond Beijing: regional forum:
_bproceedings
260 _aKuala Lumpur
_bAPWLD
_c1997
300 _a48 p.
650 _aWOMEN'S MOVEMENTS
700 _aRangaswami, Sunitha
942 _cCP
999 _c2248
_d2248